[Event "33rd ECC Women 2017"]
[Site "Antalya TUR"]
[Date "2017.10.11"]
[Round "4.1"]
[Board "1"]
[White "Kashlinskaya, Alina"]
[Black "Zhukova, Natalia"]
[Result "1/2-1/2"]
[WhiteTitle "IM"]
[BlackTitle "GM"]
[WhiteElo "2455"]
[BlackElo "2426"]
[WhiteTeam "Legacy Square Capital"]
[BlackTeam "Bossa Nova"]
[WhiteFideId "4198026"]
[BlackFideId "14101513"]
[EventDate "2017.10.08"]

1. d4 Nf6 2. c4 e6 3. Nf3 d5 4. Nc3 c5 5. cxd5 Nxd5 6. e4 Nxc3 7. bxc3 cxd4 8.
cxd4 Bb4+ 9. Bd2 Bxd2+ 10. Qxd2 O-O 11. Bc4 Nd7 12. O-O b6 13. a4 Bb7 14. Rfe1
Nf6 15. Bd3 h6 16. a5 bxa5 17. Rxa5 Qc7 18. Rc1 Qe7 19. Qe1 Rfd8 20. Rca1 a6 21.
h3 Qc7 22. Rc5 Qf4 23. d5 exd5 24. e5 Ne4 25. Rc7 Bc8 26. Ra4 Bf5 27. Qe2 Bg6
28. Rc6 Rac8 29. Qc2 Bf5 30. Raxa6 Rxc6 31. Qxc6 Ng5 32. Bxf5 Nxf3+ 33. gxf3
Qxf5 34. Ra8 Kh7 1/2-1/2

[Event "33rd ECC Women 2017"]
[Site "Antalya TUR"]
[Date "2017.10.11"]
[Round "4.1"]
[Board "2"]
[White "Badelka, Olga"]
[Black "Kovalevskaya, Ekaterina"]
[Result "1/2-1/2"]
[WhiteTitle "WIM"]
[BlackTitle "IM"]
[WhiteElo "2353"]
[BlackElo "2411"]
[WhiteTeam "Bossa Nova"]
[BlackTeam "Legacy Square Capital"]
[WhiteFideId "13509926"]
[BlackFideId "4116704"]
[EventDate "2017.10.08"]

1. c4 e5 2. g3 Nf6 3. Bg2 c6 4. d4 exd4 5. Qxd4 d5 6. Nf3 Be7 7. O-O O-O 8. cxd5
Nxd5 9. e4 Nb6 10. Qxd8 Rxd8 11. Nc3 Na6 12. Bf4 Be6 13. Rfd1 Nb4 14. b3 Nd3 15.
Bc7 Rd7 16. Bxb6 axb6 17. Na4 Bd8 18. Ne1 Nxe1 19. Rxd7 Bxd7 20. Rxe1 Kf8 21.
Rd1 Ke8 22. Rd2 Bc8 23. Kf1 b5 24. Nc5 Be7 25. Nd3 Be6 26. Nf4 Bc8 27. h4 Bb4
28. Rc2 Bg4 29. f3 Bd7 30. Bh3 Bxh3+ 31. Nxh3 Rd8 32. Ke2 Ba5 33. g4 Bc7 34. h5
Ke7 35. Nf2 g6 36. hxg6 hxg6 37. Nd3 Rh8 38. Nc5 Rh2+ 39. Kd1 Rh1+ 40. Ke2 Rh2+
41. Kd1 Rh1+ 42. Ke2 Rh2+ 1/2-1/2

[Event "33rd ECC Women 2017"]
[Site "Antalya TUR"]
[Date "2017.10.11"]
[Round "4.2"]
[Board "1"]
[White "Mamedjarova, Zeinab"]
[Black "Atalik, Ekaterina"]
[Result "1/2-1/2"]
[WhiteTitle "WGM"]
[BlackTitle "IM"]
[WhiteElo "2298"]
[BlackElo "2468"]
[WhiteTeam "Odlar Yurdu"]
[BlackTeam "Anatolia"]
[WhiteFideId "13401521"]
[BlackFideId "4130189"]
[EventDate "2017.10.08"]

1. d4 d5 2. Nf3 Nf6 3. e3 c5 4. Be2 g6 5. O-O Bg7 6. c4 cxd4 7. Qxd4 Nc6 8. Qh4
dxc4 9. Bxc4 O-O 10. Nc3 Qa5 11. Bd2 Qh5 12. Qxh5 Nxh5 13. e4 Bd7 14. Rad1 Rfd8
15. Bg5 h6 16. Be3 Rac8 17. h3 g5 18. Rd2 Nf4 19. Rfd1 Be6 20. Nd5 Bxd5 21. exd5
Ne5 22. Nxe5 Bxe5 23. Bb3 b6 24. g3 Ng6 25. Kg2 Bd6 26. h4 gxh4 27. Bxh6 hxg3
28. fxg3 Be5 29. Rf2 Rd6 30. Be3 Kg7 31. a4 Rf6 32. Re2 Rh8 33. Bc2 Rd6 34. a5
bxa5 35. Bc5 Rh5 36. Bxd6 Bxd6 37. Re3 Ne5 38. Re4 Rg5 39. Rh1 Ng6 40. Re3 Nf4+
41. Kf2 Nxd5 42. Rf3 Nf6 43. Rd1 Ng4+ 44. Ke2 Ne5 45. Rc3 Bb4 46. Rb3 Rh5 47.
Rf1 Nc6 48. Rd3 Bd6 49. Bb3 Ne5 50. Rc3 Bb4 51. Rc7 Rh3 52. Bd5 Rxg3 53. Rf5 Rg1
54. Rxa7 Re1+ 55. Kf2 Kg6 56. Rxe5 Rxe5 57. Ra6+ e6 58. Bf3 Kf6 59. Rc6 Rg5 60.
Rc7 Rg7 61. b3 Rh7 62. Kg2 Rh4 63. Rd7 Kg6 64. Be2 f5 65. Bc4 Kf6 66. Rc7 e5 67.
Kg3 Be1+ 68. Kg2 e4 69. Rc6+ Kg5 70. Rc5 Bb4 71. Rb5 Rh6 72. Rd5 Kf4 73. Bf1 Rc6
74. Bb5 Rc2+ 75. Kf1 Kg3 76. Be2 f4 77. Rg5+ Kh3 78. Rh5+ Kg3 1/2-1/2

[Event "33rd ECC Women 2017"]
[Site "Antalya TUR"]
[Date "2017.10.11"]
[Round "4.2"]
[Board "3"]
[White "Balajayeva, Khanim"]
[Black "Isgandarova, Khayala"]
[Result "1-0"]
[WhiteTitle "WFM"]
[BlackTitle "WIM"]
[WhiteElo "2319"]
[BlackElo "2242"]
[WhiteTeam "Odlar Yurdu"]
[BlackTeam "Anatolia"]
[WhiteFideId "13406396"]
[BlackFideId "13401823"]
[EventDate "2017.10.08"]

1. e4 e6 2. d4 d5 3. Nc3 Nf6 4. Bg5 Be7 5. e5 Nfd7 6. Bxe7 Qxe7 7. f4 a6 8. Nf3
c5 9. Qd2 Nc6 10. dxc5 Qxc5 11. Bd3 b5 12. a3 Nb6 13. b4 Qe7 14. Qf2 Nc4 15.
Bxc4 dxc4 16. Ne4 O-O 17. O-O Qa7 18. c3 Qxf2+ 19. Kxf2 a5 20. Nd6 Bd7 21. Rfd1
axb4 22. axb4 Ne7 23. Rxa8 Rxa8 24. Nxc4 Nd5 25. Ne3 Ra2+ 26. Kg3 Nxe3 27. Rxd7
h6 28. Nd4 Nxg2 29. Nxb5 Ne1 30. Nd6 Rg2+ 31. Kh3 Rf2 32. Nxf7 Rxf4 33. Nd8 g5
34. Nxe6 Re4 35. Rg7+ Kh8 36. Rg6 Rh4+ 37. Kg3 Nd3 38. b5 Nxe5 39. b6 Nd7 40.
Nd4 Re4 41. Rd6 Nc5 42. Rc6 Nd7 43. Rc8+ Kg7 44. Rc7 1-0

[Event "33rd ECC Women 2017"]
[Site "Antalya TUR"]
[Date "2017.10.11"]
[Round "4.3"]
[Board "1"]
[White "Okuyaz, Duru"]
[Black "Dzagnidze, Nana"]
[Result "0-1"]
[WhiteTitle "WFM"]
[BlackTitle "GM"]
[WhiteElo "2233"]
[BlackElo "2520"]
[WhiteTeam "Marmara"]
[BlackTeam "Batumi Chess Club NONA"]
[WhiteFideId "6346022"]
[BlackFideId "13601903"]
[EventDate "2017.10.08"]

1. e4 e6 2. d3 c5 3. Nf3 Nc6 4. Nbd2 g6 5. g3 Bg7 6. Bg2 Nge7 7. O-O O-O 8. Re1
d6 9. Nf1 b5 10. c3 b4 11. d4 Rb8 12. Bf4 bxc3 13. bxc3 cxd4 14. cxd4 Ba6 15.
Qd2 e5 16. Be3 exd4 17. Nxd4 Ne5 18. Bg5 h6 19. Bxe7 Qxe7 20. Ne3 Rfc8 21. Nd5
Qf8 22. Bf1 Nc4 23. Qd3 Rb2 24. Nb3 Kh8 25. Qf3 Ne5 26. Qf4 Bxf1 27. Rxf1 Rcc2
28. Rad1 Nc6 29. Nf6 Rxa2 30. Rxd6 Rab2 31. Nc1 h5 32. Nd3 Bh6 33. Nd7 Bxf4 34.
Nxf8 Bxd6 35. Nxb2 Bxf8 0-1

[Event "33rd ECC Women 2017"]
[Site "Antalya TUR"]
[Date "2017.10.11"]
[Round "4.3"]
[Board "2"]
[White "Batsiashvili, Nino"]
[Black "Caglar, Sila"]
[Result "1-0"]
[WhiteTitle "IM"]
[BlackTitle "WFM"]
[WhiteElo "2472"]
[BlackElo "2153"]
[WhiteTeam "Batumi Chess Club NONA"]
[BlackTeam "Marmara"]
[WhiteFideId "13602993"]
[BlackFideId "6364063"]
[EventDate "2017.10.08"]

1. d4 Nf6 2. c4 e6 3. Nc3 Bb4 4. Nf3 O-O 5. Qc2 d5 6. cxd5 exd5 7. Bg5 c6 8. e3
h6 9. Bh4 Re8 10. Bd3 Bd6 11. O-O Bg4 12. Nd2 Na6 13. a3 Nc7 14. Rae1 c5 15. h3
cxd4 16. exd4 Rxe1 17. Rxe1 Be6 18. Nf1 a6 19. Qe2 Nce8 20. Ne3 Qb6 21. Rd1 Qc7
22. Qf3 Rd8 23. Nf5 Bh2+ 24. Kf1 Qf4 25. Qxf4 Bxf4 26. Ne3 Rc8 27. Bb1 Bd6 28.
Ne2 Nh5 29. f3 g5 30. Be1 Nhg7 31. Nc3 Nc7 32. Ba2 Nf5 33. Nxf5 Bxf5 34. Nxd5
Nxd5 35. Bxd5 Bc2 36. Bxb7 Rc7 37. Rd2 Bf4 38. Bxa6 Bxd2 39. Bxd2 Bb3 40. Bc3 f5
41. Bb5 Kf7 42. a4 Ke6 43. Ke2 Kd5 44. Kd3 f4 45. a5 Re7 46. a6 h5 47. Ba5 Re3+
48. Kd2 Kd6 49. a7 Bd5 50. Bc4 Ba8 51. Bb4+ Kd7 52. d5 g4 53. hxg4 hxg4 54. Bb5+
Kc8 55. d6 Re5 56. d7+ Kc7 57. Ba5+ 1-0

[Event "33rd ECC Women 2017"]
[Site "Antalya TUR"]
[Date "2017.10.11"]
[Round "4.3"]
[Board "3"]
[White "Hereklioglu, Sude"]
[Black "Khotenashvili, Bela"]
[Result "0-1"]
[WhiteTitle "WFM"]
[BlackTitle "GM"]
[WhiteElo "2165"]
[BlackElo "2459"]
[WhiteTeam "Marmara"]
[BlackTeam "Batumi Chess Club NONA"]
[WhiteFideId "6359531"]
[BlackFideId "13602640"]
[EventDate "2017.10.08"]

1. e4 c6 2. d4 g6 3. Nf3 Bg7 4. Bd3 d6 5. O-O Nd7 6. Nc3 e5 7. d5 Ne7 8. dxc6
bxc6 9. a4 O-O 10. b4 Bb7 11. Ba3 Nf6 12. Re1 Qc7 13. Rb1 Rad8 14. b5 c5 15. Nd2
d5 16. exd5 Nexd5 17. Nce4 Nxe4 18. Nxe4 Rfe8 19. Bxc5 f5 20. Nd6 Rxd6 21. Bxd6
Qxd6 22. c4 Nc3 23. Qb3 Qxd3 24. Red1 Ne2+ 25. Kh1 Qxb3 26. Rxb3 Nd4 27. Rc3 e4
28. Rcc1 Nb3 0-1

[Event "33rd ECC Women 2017"]
[Site "Antalya TUR"]
[Date "2017.10.11"]
[Round "4.3"]
[Board "4"]
[White "Melia, Salome"]
[Black "Ozbay, Ece"]
[Result "1/2-1/2"]
[WhiteTitle "IM"]
[BlackTitle "WCM"]
[WhiteElo "2412"]
[BlackElo "1998"]
[WhiteTeam "Batumi Chess Club NONA"]
[BlackTeam "Marmara"]
[WhiteFideId "13602446"]
[BlackFideId "6351743"]
[EventDate "2017.10.08"]

1. e4 c5 2. Nf3 e6 3. d4 cxd4 4. Nxd4 Nc6 5. Nc3 Qc7 6. Be3 a6 7. Qd2 Nf6 8. f4
Bb4 9. Bd3 Na5 10. a3 Bxc3 11. Qxc3 Qxc3+ 12. bxc3 d5 13. e5 Ne4 14. Nb3 Nc4 15.
Bxc4 dxc4 16. Na5 Bd7 17. Bd4 Rc8 18. Rb1 b5 19. Ke2 Ke7 20. Rhf1 f5 21. exf6+
gxf6 22. Rbd1 Rhg8 23. Ke3 f5 24. Rg1 h5 25. Be5 h4 26. Nb7 Rc6 27. Rd4 Be8 28.
g4 hxg3 29. hxg3 Nxc3 30. Na5 Rc8 31. Rd6 Ne4 32. Rxa6 Rxg3+ 33. Rxg3 Nxg3 34.
Bd6+ Kf6 35. Ra7 Ne4 36. Be5+ Kg6 37. Rg7+ Kh5 38. Rh7+ Kg6 39. Rg7+ Kh5 40. Rg8
Ra8 41. Rh8+ Kg6 42. Rg8+ Kf7 43. Rg7+ Kf8 44. Nb7 Rxa3+ 45. Kd4 Ra1 46. Rh7
Rd1+ 47. Ke3 Bf7 48. Rh8+ Bg8 49. Na5 Rd7 50. Rh1 Bf7 51. Nc6 Nc5 52. Rb1 Be8
53. Rxb5 Rd5 54. Rxc5 Rxc5 55. Bd6+ Kg7 56. Bxc5 Bxc6 1/2-1/2

[Event "33rd ECC Women 2017"]
[Site "Antalya TUR"]
[Date "2017.10.11"]
[Round "4.4"]
[Board "1"]
[White "Paehtz, Elisabeth"]
[Black "Ushenina, Anna"]
[Result "1/2-1/2"]
[WhiteTitle "IM"]
[BlackTitle "GM"]
[WhiteElo "2453"]
[BlackElo "2445"]
[WhiteTeam "Cs Studentesc Medicina Timisoara"]
[BlackTeam "UGRA Chess Clup"]
[WhiteFideId "4641833"]
[BlackFideId "14110911"]
[EventDate "2017.10.08"]

1. e4 c5 2. Nf3 e6 3. d4 cxd4 4. Nxd4 Nc6 5. Nc3 Qc7 6. Qd3 Nxd4 7. Qxd4 a6 8.
Be3 b5 9. Be2 Bb7 10. O-O Rc8 11. a3 Nf6 12. e5 Nd5 13. Nxd5 Bxd5 14. a4 Bc5 15.
Qxc5 Qxc5 16. Bxc5 Rxc5 17. axb5 axb5 18. Bd3 Bc6 19. Rfe1 Ke7 20. b4 Rd5 21. f3
Rd4 22. Reb1 Rd5 23. Re1 Rd4 24. Reb1 Rd5 1/2-1/2

[Event "33rd ECC Women 2017"]
[Site "Antalya TUR"]
[Date "2017.10.11"]
[Round "4.4"]
[Board "2"]
[White "Pogonina, Natalija"]
[Black "Sandu, Mihaela"]
[Result "1-0"]
[WhiteTitle "WGM"]
[BlackTitle "WGM"]
[WhiteElo "2466"]
[BlackElo "2278"]
[WhiteTeam "UGRA Chess Clup"]
[BlackTeam "Cs Studentesc Medicina Timisoara"]
[WhiteFideId "4147855"]
[BlackFideId "1204327"]
[EventDate "2017.10.08"]

1. d4 Nf6 2. Nf3 g6 3. c4 Bg7 4. e3 O-O 5. Be2 d6 6. O-O Nbd7 7. b3 e5 8. Bb2
Re8 9. dxe5 dxe5 10. Nxe5 Ne4 11. Nd3 Bxb2 12. Nxb2 Qg5 13. Qc1 Ndf6 14. Nd3 Nh5
15. Nc3 Nef6 16. Bf3 Bf5 17. Nf4 c6 18. Nxh5 gxh5 19. e4 Qxc1 20. Raxc1 Nxe4 21.
Nxe4 Bxe4 22. Bxh5 Rad8 23. Rfd1 c5 24. f3 Bd3 25. Re1 Kf8 26. Rxe8+ Rxe8 27.
Rd1 Bc2 28. Rd2 Bb1 29. Kf2 b6 30. Bg4 Re7 31. a3 f5 32. Bh3 Kg7 33. g3 Kf6 34.
Bf1 f4 35. gxf4 Bf5 36. Be2 Bh3 37. Rd6+ Kg7 38. Bd3 Rd7 39. Rd5 Be6 40. Rg5+
Kf6 41. Ke3 Re7 42. Be4 Bf7 43. Rf5+ Kg7 44. Re5 Rd7 45. Rg5+ Kf6 46. Rf5+ Kg7
47. Bd5 Bg6 48. Re5 Bc2 49. b4 cxb4 50. axb4 a5 51. bxa5 bxa5 52. c5 a4 53. c6
Rc7 54. Kd4 a3 55. Kc5 Ra7 56. Ba2 Kf6 57. Kb6 Ra8 58. Kb7 Rf8 59. Re6+ Kf5 60.
Re2 Bd1 61. Rf2 Kxf4 62. Bd5 Ke5 63. c7 Ba4 64. Bc6 Bxc6+ 65. Kxc6 Ra8 66. Ra2 1-0

[Event "33rd ECC Women 2017"]
[Site "Antalya TUR"]
[Date "2017.10.11"]
[Round "4.4"]
[Board "3"]
[White "Cosma, Elena-Luminita"]
[Black "Nechaeva, Marina"]
[Result "1/2-1/2"]
[WhiteTitle "WGM"]
[BlackTitle "IM"]
[WhiteElo "2333"]
[BlackElo "2431"]
[WhiteTeam "Cs Studentesc Medicina Timisoara"]
[BlackTeam "UGRA Chess Clup"]
[WhiteFideId "1201590"]
[BlackFideId "4149351"]
[EventDate "2017.10.08"]

1. d4 Nf6 2. Nf3 c5 3. d5 b5 4. Bg5 Qb6 5. Bxf6 Qxf6 6. c3 d6 7. e4 a6 8. Be2
Nd7 9. O-O g6 10. Nbd2 Bg7 11. a4 Rb8 12. axb5 axb5 13. Ra7 O-O 14. Nb3 b4 15.
Na5 bxc3 16. bxc3 Kh8 17. Nc6 Rb2 18. Bd3 e6 19. c4 exd5 20. exd5 Nb6 21. h3 Bf5
22. Re1 Bh6 23. Ra3 Bxd3 24. Qxd3 Qf4 25. Na5 Rb4 26. Rb3 Bg7 27. Reb1 Rxb3 28.
Rxb3 Nd7 29. Nc6 Ra8 30. Rb1 Ne5 31. Ncxe5 Bxe5 32. Re1 Ra1 33. Rxa1 Bxa1 34. g3
Qc1+ 35. Kg2 Kg7 36. Qe4 Bf6 37. h4 h5 38. Qe2 Qc3 39. Qe4 Qc1 40. Qe2 Qc3 1/2-1/2

[Event "33rd ECC Women 2017"]
[Site "Antalya TUR"]
[Date "2017.10.11"]
[Round "4.5"]
[Board "1"]
[White "Sahin, Handenur"]
[Black "Richard, Emma"]
[Result "0-1"]
[BlackTitle "WFM"]
[WhiteElo "1960"]
[BlackElo "2086"]
[WhiteTeam "Aegean"]
[BlackTeam "Mulhouse Philidor"]
[WhiteFideId "6334865"]
[BlackFideId "657590"]
[EventDate "2017.10.08"]

1. e4 c5 2. c3 d5 3. exd5 Qxd5 4. d4 Nc6 5. Nf3 Bf5 6. Na3 cxd4 7. Nb5 O-O-O 8.
cxd4 e5 9. Nc3 Qa5 10. Bd2 exd4 11. Nb5 Re8+ 12. Be2 Qxb5 13. Be3 d3 14. Bf1
Bb4+ 15. Nd2 Qa5 16. a3 Bxd2+ 17. Qxd2 Qxd2+ 18. Kxd2 Nf6 19. f3 Na5 20. Rc1+
Kb8 21. Bf4+ Ka8 22. Kd1 Rc8 23. g4 Bg6 24. Bg2 Rc2 25. Rxc2 dxc2+ 26. Ke2 Nb3
27. h4 Nd5 28. Bg5 h6 29. Bc1 Nxc1+ 30. Rxc1 Nf4+ 0-1

[Event "33rd ECC Women 2017"]
[Site "Antalya TUR"]
[Date "2017.10.11"]
[Round "4.6"]
[Board "1"]
[White "Kaplan, Ebru"]
[Black "Shvayger, Yuliya"]
[Result "0-1"]
[BlackTitle "WGM"]
[WhiteElo "2001"]
[BlackElo "2442"]
[WhiteTeam "Mediterranean"]
[BlackTeam "Beer Sheva Chess Club"]
[WhiteFideId "6315194"]
[BlackFideId "14100126"]
[EventDate "2017.10.08"]

1. e4 c5 2. Nf3 Nc6 3. Bb5 g6 4. c3 Nf6 5. Qe2 Bg7 6. O-O O-O 7. Rd1 d6 8. d4
cxd4 9. cxd4 Bg4 10. Nc3 Nd7 11. Be3 a6 12. Bxc6 bxc6 13. h3 Bxf3 14. Qxf3 Qb6
15. Rab1 Qb4 16. e5 Rfc8 17. a3 Qc4 18. exd6 exd6 19. Ne4 Qe6 20. Rdc1 d5 21.
Nc5 Nxc5 22. Rxc5 Rab8 23. b4 Rb5 24. Rbc1 Bf8 25. Rxb5 axb5 26. Rc3 Bg7 27. Kf1
Re8 28. Kg1 Qd6 29. Qd1 Re6 30. Qc1 h5 31. h4 Kh7 32. g3 Qd7 33. Kg2 Qe8 34. Qc2
Bf6 35. Kh2 Rd6 36. Bf4 Re6 37. Be3 Bg7 38. Qc1 Re4 39. Rd3 Bf6 40. Kg2 Bd8 41.
Rc3 Bf6 42. Rd3 Bh8 43. Kh2 Qd7 44. Kg2 Bf6 45. Rd1 Re8 46. Rh1 Bg7 47. Qc2 Re6
48. Qc1 f5 49. Rd1 Re4 50. Qc3 f4 51. Bc1 fxg3 52. fxg3 Re2+ 53. Kf1 Rh2 54. Kg1
Re2 55. Qf3 Re4 56. Bb2 Qe6 57. Rf1 Re3 58. Qf4 Rb3 59. Rf2 Qh3 60. Rg2 Rd3 61.
Kf2 Qe6 62. Kg1 Rd1+ 63. Kh2 Qe1 64. Kh3 Rb1 65. g4 Rxb2 66. Rxb2 Qc3+ 67. Qg3
hxg4+ 68. Kxg4 Qxb2 69. h5 Qxd4+ 70. Kh3 Qc3 0-1

[Event "33rd ECC Women 2017"]
[Site "Antalya TUR"]
[Date "2017.10.11"]
[Round "4.6"]
[Board "4"]
[White "Ovechkin, Lilia"]
[Black "Ozbek, Busra"]
[Result "1/2-1/2"]
[WhiteElo "1779"]
[BlackElo "1850"]
[WhiteTeam "Beer Sheva Chess Club"]
[BlackTeam "Mediterranean"]
[WhiteFideId "2816199"]
[BlackFideId "34507108"]
[EventDate "2017.10.08"]

1. d4 g6 2. e4 Bg7 3. Nf3 d6 4. Bc4 e6 5. Bg5 Ne7 6. Qd2 h6 7. Be3 a6 8. Nc3 b5
9. Bd3 Bb7 10. a4 b4 11. Ne2 a5 12. c3 Ba6 13. O-O bxc3 14. Nxc3 Bxd3 15. Qxd3
O-O 16. Rac1 Na6 17. Qd2 Kh7 18. Ne1 Rb8 19. Qe2 Nb4 20. Nc2 Nec6 21. Rfd1 Nxc2
22. Rxc2 f5 23. Nb5 Nb4 24. Rxc7 Rxb5 25. Rxg7+ Kxg7 26. Qxb5 fxe4 27. Qb7+ Rf7
28. Bxh6+ Kg8 29. Qxe4 Qf6 30. Be3 Nd5 31. Rc1 Rb7 32. Qc2 Rc7 33. Qd2 Rxc1+ 34.
Qxc1 Nxe3 35. fxe3 Qf5 36. Qc8+ Kg7 37. Qd7+ Kh6 38. Qxd6 Qb1+ 39. Kf2 Qxb2+ 40.
Kf3 Qb7+ 41. Kg3 Qb3 42. Qf8+ Kh7 43. Qf7+ Kh6 44. Qf4+ Kg7 45. d5 exd5 46. Qd4+
Kh7 47. Kf3 Qb7 48. Ke2 Qa6+ 49. Kd2 Qb7 50. g3 Kg8 51. Qc3 Qa6 52. Qd3 Qd6 53.
Qb5 Qd8 54. Kd3 Kh7 55. Kd4 Qd6 56. Qxd5 Qb4+ 57. Qc4 Qd2+ 58. Qd3 Qb4+ 59. Qc4
Qd2+ 60. Ke4 Qxh2 61. Qf7+ Kh6 62. Qf8+ Kh7 63. Qe7+ Kg8 64. Qe6+ Kg7 65. Qe5+
Kh7 66. Qxa5 Qxg3 67. Qa7+ Kg8 68. a5 Qg4+ 69. Kd3 Qf5+ 70. e4 Qf1+ 71. Kd2 Qg2+
72. Kd3 Qf1+ 73. Kc3 Qe1+ 74. Kd3 Qf1+ 75. Kd2 Qg2+ 76. Kc3 Qxe4 77. Qb8+ Kh7
78. Qc7+ Kh6 79. Qc4 Qe1+ 80. Kd3 Qxa5 81. Qh4+ Qh5 82. Qf4+ g5 83. Qf8+ Kh7 84.
Qe7+ Kg8 85. Qe6+ Qf7 86. Qc8+ Kh7 87. Qg4 Kg6 88. Ke3 Qb3+ 89. Kf2 Qc2+ 90. Kg3
Qd3+ 91. Kf2 Qd2+ 92. Kg3 Qe1+ 93. Kg2 Qd2+ 94. Kg3 Qe3+ 95. Kg2 1/2-1/2

[Event "33rd ECC Women 2017"]
[Site "Antalya TUR"]
[Date "2017.10.12"]
[Round "5.1"]
[Board "1"]
[White "Mamedjarova, Zeinab"]
[Black "Kashlinskaya, Alina"]
[Result "1-0"]
[WhiteTitle "WGM"]
[BlackTitle "IM"]
[WhiteElo "2298"]
[BlackElo "2455"]
[WhiteTeam "Odlar Yurdu"]
[BlackTeam "Legacy Square Capital"]
[WhiteFideId "13401521"]
[BlackFideId "4198026"]
[EventDate "2017.10.08"]

1. d4 Nf6 2. Bg5 d5 3. e3 c5 4. Nf3 Ne4 5. Bf4 Qb6 6. Qc1 Nc6 7. c3 Bf5 8. Be2
h6 9. h3 e6 10. Ne5 cxd4 11. exd4 Bd6 12. O-O Nxe5 13. Bxe5 Bxe5 14. dxe5 O-O
15. Nd2 Ng3 16. Re1 f6 17. Bf3 fxe5 18. Rxe5 Be4 19. Qe1 Bxf3 20. Nxf3 Ne4 21.
Nd4 Qxb2 22. Rb1 Qxa2 23. f3 Nxc3 24. Rc1 Rac8 25. Rxc3 Qb2 26. Ne2 d4 27. Rd3
Rc2 28. Rxe6 Rf7 29. Kh1 Kh7 30. Re4 Rd7 31. f4 a5 32. Qxa5 Rxe2 33. Qf5+ Kh8
34. Qf8+ Kh7 35. Qf5+ Kh8 36. Qxd7 Qc1+ 37. Kh2 Rxe4 38. Rg3 g6 39. Qf7 Re1 40.
Qf6+ 1-0

[Event "33rd ECC Women 2017"]
[Site "Antalya TUR"]
[Date "2017.10.12"]
[Round "5.1"]
[Board "2"]
[White "Kovalevskaya, Ekaterina"]
[Black "Fataliyeva, Ulviyya"]
[Result "1/2-1/2"]
[WhiteTitle "IM"]
[BlackTitle "WIM"]
[WhiteElo "2411"]
[BlackElo "2348"]
[WhiteTeam "Legacy Square Capital"]
[BlackTeam "Odlar Yurdu"]
[WhiteFideId "4116704"]
[BlackFideId "13403052"]
[EventDate "2017.10.08"]

1. Nf3 d5 2. g3 Nf6 3. Bg2 e6 4. O-O Be7 5. c4 O-O 6. b3 a5 7. Nc3 Nbd7 8. d4 b6
9. cxd5 exd5 10. Bf4 Bb7 11. Rc1 c6 12. Ne5 Bb4 13. Na4 Nxe5 14. dxe5 Nd7 15. e4
Ba6 16. exd5 Bxf1 17. Qxf1 cxd5 18. Bxd5 Ra7 19. Qb5 Kh8 20. Rd1 Nc5 21. Bf3 Rd7
22. Rxd7 Qxd7 23. Qxd7 Nxd7 24. Bc6 Rd8 25. Kg2 Bc5 26. Bg5 f6 27. Bxd7 Rxd7 28.
Nxc5 bxc5 29. exf6 gxf6 30. Bxf6+ Kg8 31. Bc3 a4 32. bxa4 Rd3 33. Be1 c4 34. Kf1
c3 35. Ke2 c2 36. Bd2 Rd5 37. a5 Rxa5 38. Kd3 Rc5 39. Bc1 Kf7 40. Kd4 Rc6 41.
Kd3 Ke6 42. h4 Kd5 43. h5 Rc4 44. f3 Rc8 45. g4 Rc7 46. f4 Rc8 47. h6 Ke6 48.
Ke4 1/2-1/2

[Event "33rd ECC Women 2017"]
[Site "Antalya TUR"]
[Date "2017.10.12"]
[Round "5.1"]
[Board "3"]
[White "Mammadova, Gulnar"]
[Black "Voit, Daria"]
[Result "0-1"]
[WhiteTitle "IM"]
[BlackTitle "FM"]
[WhiteElo "2385"]
[BlackElo "2387"]
[WhiteTeam "Odlar Yurdu"]
[BlackTeam "Legacy Square Capital"]
[WhiteFideId "13403508"]
[BlackFideId "4182146"]
[EventDate "2017.10.08"]

1. e4 c5 2. Nf3 e6 3. b3 d6 4. Bb2 Nf6 5. d3 Nc6 6. g3 g6 7. Bg2 Bg7 8. O-O O-O
9. Nbd2 e5 10. Nc4 h6 11. a4 Be6 12. Nfd2 Qd7 13. f4 exf4 14. gxf4 d5 15. Ne5
Nxe5 16. fxe5 Nh5 17. exd5 Bxd5 18. Bxd5 Qxd5 19. Qf3 Rad8 20. Rae1 Rfe8 21.
Qxd5 Rxd5 22. Nc4 Re6 23. Ne3 Rd7 24. Ng4 g5 25. Bc1 Rde7 26. Rf5 Kh7 27. Rf3
Kg6 28. Rfe3 Kf5 29. Re4 Bxe5 30. Ne3+ Kg6 31. Nd5 Re8 32. Kg2 Nf6 33. Nxf6 Kxf6
34. Ba3 Bd4 35. Kf3 Rxe4 36. dxe4 b6 37. Rd1 Ke6 38. b4 cxb4 39. Bxb4 Be5 40. a5
bxa5 41. Bxa5 Rc8 42. c3 h5 43. h3 Rc5 44. Bb4 Rb5 45. Rd8 a5 46. Bf8 f6 47. c4
Rb8 48. Rxb8 Bxb8 49. Ba3 Kd7 50. Ke3 Bd6 51. Bb2 Ke6 52. Kd3 a4 53. Kc2 a3 54.
Bc1 Ke5 0-1

[Event "33rd ECC Women 2017"]
[Site "Antalya TUR"]
[Date "2017.10.12"]
[Round "5.2"]
[Board "1"]
[White "Dzagnidze, Nana"]
[Black "Zhukova, Natalia"]
[Result "1-0"]
[WhiteTitle "GM"]
[BlackTitle "GM"]
[WhiteElo "2520"]
[BlackElo "2426"]
[WhiteTeam "Batumi Chess Club NONA"]
[BlackTeam "Bossa Nova"]
[WhiteFideId "13601903"]
[BlackFideId "14101513"]
[EventDate "2017.10.08"]

1. Nf3 Nf6 2. c4 c5 3. Nc3 e6 4. e4 Nc6 5. d3 d5 6. cxd5 exd5 7. Bg5 Be7 8. Be2
O-O 9. O-O Be6 10. Rc1 Rc8 11. Re1 a6 12. h3 h6 13. Bh4 b5 14. a4 d4 15. axb5
dxc3 16. bxc6 cxb2 17. Rb1 Rxc6 18. Rxb2 Nd7 19. Bxe7 Qxe7 20. d4 cxd4 21. Nxd4
Rd6 22. Rd2 Nc5 23. Nf5 Bxf5 24. Rxd6 Nxe4 25. Rd4 Qf6 26. Bf1 Nc5 27. Rd6 Ne6
28. Rxa6 Qg5 29. Ra3 Rd8 30. Qc1 Qh4 31. Rc3 Kh7 32. Rd1 Rb8 33. Bd3 Bxd3 34.
Rcxd3 Nf4 35. Re3 Qg5 36. Qc2+ Kg8 37. Qe4 Ne6 38. Qe5 Qxe5 39. Rxe5 Rb7 40. g3
g6 41. Red5 Nf8 42. Ra1 h5 43. Rda5 Ne6 44. Ra7 Rb5 45. Kg2 h4 46. R1a5 Rb2 47.
Ra2 Rb5 48. gxh4 Nf4+ 49. Kh2 Rh5 50. R2a5 Rh7 51. Kg3 Nh5+ 52. Kf3 Nf6 53. Rb7
Kg7 54. Raa7 Kg8 55. Ke3 Kf8 56. Kf3 Kg8 57. Kf4 Kf8 58. Ke5 Rh5+ 59. Kf4 Rxh4+
60. Kg3 Rh7 61. f3 Nh5+ 62. Kf2 Nf4 63. h4 Nh5 64. Ke3 Nf6 65. f4 Nh5 66. Rc7
Ng3 67. Kd4 Ne2+ 68. Ke4 Ng3+ 69. Kd3 Nf5 70. h5 gxh5 71. Ke4 Ng3+ 72. Ke5 h4
73. f5 Kg8 74. Rc8+ Kg7 75. f6+ Kh6 76. Ra4 Kh5 77. Rcc4 1-0

[Event "33rd ECC Women 2017"]
[Site "Antalya TUR"]
[Date "2017.10.12"]
[Round "5.2"]
[Board "2"]
[White "Badelka, Olga"]
[Black "Harika, Dronavalli"]
[Result "1/2-1/2"]
[WhiteTitle "WIM"]
[BlackTitle "GM"]
[WhiteElo "2353"]
[BlackElo "2528"]
[WhiteTeam "Bossa Nova"]
[BlackTeam "Batumi Chess Club NONA"]
[WhiteFideId "13509926"]
[BlackFideId "5015197"]
[EventDate "2017.10.08"]

1. c4 e6 2. d4 d5 3. Nc3 Bb4 4. cxd5 exd5 5. Bf4 c6 6. e3 Ne7 7. Bd3 Bf5 8. Nf3
Bxd3 9. Qxd3 a5 10. O-O O-O 11. Rac1 Ng6 12. Bg3 Re8 13. a3 Bf8 14. Na4 Nd7 15.
Nc5 Bxc5 16. dxc5 Nde5 17. Nxe5 Nxe5 18. Qb3 Qc8 19. Rfd1 f5 20. Bxe5 Rxe5 21.
Rd4 Qc7 22. Qc3 Re4 23. Rxe4 fxe4 24. b4 h6 25. h3 axb4 26. axb4 Rf8 27. Ra1 Qf7
28. Qb2 Qf5 29. b5 Kh7 30. Ra7 Rf7 31. bxc6 1/2-1/2